[Event "EWCCC Online Preliminary-C 2020"]
[Site "Online"]
[Date "2020.12.19"]
[Round "7.2"]
[White "Guichard, Pauline"]
[Black "Belenkaya, Dina"]
[Result "1-0"]
[WhiteElo "2415"]
[BlackElo "2293"]
[Annotator "TA"]
[PlyCount "123"]
[EventDate "2020.12.19"]
[EventType "team-tourn"]
[EventCountry "NET"]
[SourceTitle "playchess.com"]
[Source "ChessBase"]
[SourceQuality "1"]

{[%evp 12,123,16,16,22,30,12,3,25,41,43,0,25,33,68,78,75,64,124,72,121,119,120,116,122,0,15,0,0,0,0,0,0,-171,-165,-191,-203,-190,0,-177,-7,-162,-79,-221,-69,-230,-79,-70,0,0,48,33,37,37,22,40,35,0,92,41,49,21,245,254,256,117,545,340,522,513,947,944,1002,803,3899,3243,5269,2464,1399,763,29975,-270,29976,29977,29949,1103,29990,29991,29991,29992,29992,29974,29968,29973,29986,29987,29987,29988,29988,29988,29987,29976,29988,29989,29988,29989,29992,29983,29983,29984,29984,29985,29989,29990]} 1. c4 e5 2. Nc3 Nc6 3. Nf3 Nf6 4. e3 Bb4 5. Qc2 O-O 6. Nd5 a5 7. a3 Bc5 {A28: English Opening: Four Knights Variation.} 8. Ng5 {White threatens Nxf6+ and mate.} g6 9. h4 d6 {The position is equal.} (9... Be7 $5) 10. b3 Bf5 {[#]} 11. Bd3 $146 (11. Nxf6+ {is more complex.} Qxf6 12. Ne4 Qe7 13. Bd3 Bb6 14. h5) ({Predecessor:} 11. Nxf6+ Qxf6 12. Ne4 Bxe4 13. Qxe4 h5 14. g4 hxg4 15. Qxg4 Qf5 16. Qxf5 gxf5 17. Bh3 {1-0 (54) Nogler,S (2416)-Teske,H (2209) Remote email 2012}) 11... Bxd3 12. Qxd3 Nxd5 13. cxd5 Nb8 14. Bb2 Nd7 (14... Qe7 $1 $14) 15. O-O-O (15. f4 $142 $1) 15... Bb6 16. f4 $1 Nc5 17. Qc2 $1 f6 18. Nxh7 (18. h5 $1 $16 {[%cal Rh5g6]} fxg5 19. hxg6) 18... Kxh7 $11 19. h5 e4 {...g5 is the strong threat.} 20. hxg6+ Kxg6 21. f5+ Kg7 $1 (21... Kxf5 $2 22. Rdf1+ Kg5 23. Qd1 $18) 22. Rh4 $2 (22. Rh5 $1 $11 {and White has nothing to worry.} Rh8 23. Rdh1 Rxh5 24. Rxh5) 22... Rh8 $19 23. Rg4+ Kf7 24. Kb1 Rh6 $2 {[#]} (24... Nd3 $1 $19 {Threatens to win with ...Qe7.} 25. Rxe4 Nxb2 26. Kxb2 Qg8) 25. Rf1 $2 (25. Rg6 $1 $11 {[%mdl 512] and White is okay.} Rxg6 26. fxg6+ Kxg6 27. Rf1) 25... Nd3 $2 (25... Qh8 $19 26. Rg6 Nd7 27. Qxe4 (27. Rxh6 $2 Qxh6 28. Qxe4 Nc5 $19) 27... Re8) 26. Rxe4 $2 (26. Rg6 $1 $11 Rh2 27. Bxf6 Qxf6 28. Rxf6+ Kxf6 29. Qc4) 26... Ne5 (26... Nxb2 $19 {is more deadly.} 27. Kxb2 Qg8) 27. g4 (27. d4 $17 Nd7 28. Rg4) 27... Qg8 $2 ({Black should try} 27... Qh8 $1 $19 28. Bxe5 dxe5) 28. Rg1 $2 (28. Bd4 $1 $15 Nd7 29. Bxb6 cxb6 30. Qc7) 28... Qg5 $2 (28... Kf8 $19 {and Black stays clearly on top.} 29. g5 Rh5) 29. Bd4 $17 Nf3 {[#]} (29... Bxd4 $15 30. exd4 Nf3 {[%mdl 64] Double Attack}) 30. Bxb6 $1 $11 {[%mdl 512]} Nxg1 (30... cxb6 31. Rd1) 31. Qxc7+ {[%mdl 64] Double Attack} Kg8 32. Qxd6 Nf3 {[#]} 33. Bxa5 $1 {[%mdl 512]} Rh7 (33... Rxa5 34. Qd8+) 34. Bc3 Rf8 (34... Qh6 $1 $11 35. Re7 Rxe7 36. Qxe7 Qg7 37. Qe6+ (37. Qxf6 Qxf6 38. Bxf6 Nxd2+ 39. Kc2 Ne4 $17) (37. Bxf6 Qxe7 38. Bxe7 Ra5 $15) 37... Qf7) 35. Qe6+ (35. Rf4 $16 Ne5 36. Bxe5 fxe5 37. Qxe5) 35... Rhf7 $1 $14 36. d6 {Hoping for Qd5.} Rd8 $2 (36... Qh4 $11 37. Kb2 Ng5 38. Bxf6 Qe1 39. Bxg5 Qxd2+ 40. Ka1 Qe1+ 41. Kb2 Qd2+ 42. Kb1 Qd1+ 43. Kb2 Qd2+) 37. Rc4 $1 $18 {[%cal Rc4c8] And now Rc8 would win.} Qg7 {[#]} 38. Qd5 (38. Rc8 $1 $18 {[%cal Rc8d8] and the rest is easy.} Rxc8 39. Qxc8+ Kh7 40. Qe8) 38... Ng5 $2 {[%mdl 8192]} (38... Ne5 $16 {is more resistant.}) 39. e4 Kh7 (39... Kf8 $142 40. d4 Qh8) 40. e5 fxe5 (40... Qf8 $142 41. e6 Rxd6 42. Qh1+ Qh6 43. Qxh6+ Kxh6 44. exf7 Nxf7) 41. Bxe5 Qh6 42. Bf4 {aiming for Bxg5.} Rdd7 43. Rc8 Qh4 {[#]} 44. Qe5 (44. f6 $142 $1 {[%mdl 512]} Qxg4 (44... Rxf6 45. Qg8+) 45. Bxg5) 44... Rg7 45. f6 Rg6 {[#]} 46. Rh8+ $1 {[%mdl 576] Skewer, Decoy, Promotion} Kxh8 47. f7+ $1 Kh7 48. f8=Q (48. f8=N+ $142 Kg8 49. Nxg6 Qh1+ 50. Kb2 Nf7 51. Qe8+ {[%mdl 64] Double Attack} Kg7 52. Ne7 Qh8 53. Qxd7 Kh7+ 54. Ka2) 48... Qh1+ 49. Kb2 {[%csl Ge5][%cal Rf8h8] White mates.} Rdg7 {[#]} 50. d7 $1 Nf7 (50... Rxd7 51. Qfh8#) 51. Qh5+ Qxh5 52. gxh5 Rf6 53. d8=Q Nxd8 54. Qxf6 Nf7 55. Qf5+ Kg8 56. Be5 Rg5 57. Qc8+ {[%mdl 64] Double Attack} Kh7 58. Qxb7 Rf5 59. Bc3 Kh6 60. a4 {[%cal Ba3a4,Ba4a5,Ba5a6][%mdl 32]} Kxh5 61. a5 Kg4 62. a6 {What a bad dream for Black.  Weighted Error Value: White=0.48/Black=0.85} 1-0

[Event "EWCCC Online Preliminary-C 2020"]
[Site "Online"]
[Date "2020.12.19"]
[Round "7.2"]
[White "Obolentseva, Alexandra"]
[Black "Broly, Mathilde"]
[Result "1-0"]
[WhiteElo "2305"]
[BlackElo "2150"]
[Annotator "TA"]
[PlyCount "163"]
[EventDate "2020.12.19"]
[EventType "team-tourn"]
[EventCountry "NET"]
[SourceTitle "playchess.com"]
[Source "ChessBase"]
[SourceQuality "1"]

{[%evp 20,163,34,23,41,37,59,35,51,30,34,0,0,0,3,0,0,0,0,0,0,0,0,0,8,8,8,8,10,10,21,0,13,17,14,0,0,0,0,0,0,0,0,0,0,0,0,0,0,0,0,0,0,0,0,0,0,0,0,0,0,0,0,-70,-70,-151,0,0,0,0,0,0,0,0,0,0,0,0,9,0,0,0,0,0,0,0,0,0,0,0,0,0,0,-7,0,0,5,0,7,0,67,0,0,0,0,0,0,0,0,0,0,0,17,17,24,17,54,79,83,0,0,0,0,0,0,0,0,0,0,0,0,0,0,0,0,0,0,0,0,0,0,0,0,0,29990,29991]} 1. d4 Nf6 2. c4 g6 3. Nc3 d5 4. Nf3 Bg7 5. e3 O-O 6. cxd5 Nxd5 7. Bc4 Nxc3 8. bxc3 c5 9. O-O Nc6 10. Ba3 cxd4 11. cxd4 a6 {D94: Grünfeld: 4 Nf3 Bg7 5 e3.} 12. Rc1 Na5 13. Bd3 {[#]} b5 $146 {White is slightly better.} ({Predecessor:} 13... Be6 14. Rc2 b5 15. Nd2 Qd7 16. Qb1 Rfc8 17. Rfc1 Kf8 18. Qb4 Qd8 19. Rxc8 Rxc8 20. Rxc8 Bxc8 21. Nb3 Nxb3 22. axb3 {½-½ (22) Henrich,D (2168)-Artola Pola,G (1975) Hofheim 2019}) 14. Qc2 Be6 15. Qc7 Qxc7 16. Rxc7 Rfc8 17. Rxc8+ Rxc8 18. Bxe7 Nc6 19. Bc5 Bf8 20. Bb1 Bxc5 21. dxc5 Na5 22. Rc1 Nc4 23. Nd4 Rxc5 24. a4 Bd7 ({Not} 24... bxa4 $2 25. Nxe6 fxe6 26. Ba2 $18) 25. Ba2 Rc8 (25... Kf8 {seems wilder.} 26. axb5 axb5 27. Bxc4 Ke7 28. Kf1 Rxc4 29. Rxc4 bxc4 30. Ke2 Kd6) 26. axb5 axb5 27. h4 Kf8 28. Bxc4 bxc4 $11 {[%mdl 4096] Endgame KRB-KRN} 29. Kf1 Ke7 30. Ke2 Kd6 31. Ra1 Rb8 32. Ra2 Kc5 33. Kd2 Rb1 34. Kc3 Rf1 35. Ra5+ Kd6 36. f3 Rc1+ 37. Kd2 Rh1 38. Kc3 Rxh4 39. Kxc4 h5 40. Kd3 Rh2 41. Rg5 (41. Ra2 $11) 41... Ke7 $1 $15 42. Ke2 {[#]} ({White should try} 42. Re5+ $15 Kf6 43. Rd5) 42... Be8 $2 (42... f6 $1 $17 {[%cal Rf6g5]} 43. Ra5 (43. Rxg6 $2 Kf7 $19) 43... Rxg2+ 44. Kf1 Rb2) 43. Re5+ Kf8 44. Kf2 {Threatens to win with Kg1.} Rh1 45. Ra5 Bd7 46. Ra8+ Ke7 47. Ra7 Rb1 48. Kg3 Rb2 49. Nc6+ Kd6 50. Nd8 f6 51. Nf7+ Ke7 {Hoping for ...h4+!} 52. Nh8 g5 {aiming for ...h4+.} 53. Kh2 h4 54. Ng6+ Kd6 55. Ra6+ Kc7 56. Kg1 f5 57. Ne5 {Strongly threatening Ra7+.} Bc8 58. Rc6+ Kb7 59. Rg6 Re2 (59... Rb1+ $11 60. Kh2 g4 61. fxg4 fxg4 62. Nxg4 Re1) 60. Nc4 ({Better is} 60. Rg7+ $14 Ka6 61. Rxg5) 60... g4 $11 61. Nd6+ {Cut Off at move 61} Kc7 {White must now prevent ...g3.} 62. fxg4 Rxe3 63. Nxc8 {And now Nb6 would win.} fxg4 {KRN-KR} 64. Kf2 Re4 65. Nd6 Ra4 66. Nb5+ Kd7 67. Nc3 Rc4 68. Ne2 h3 {[#]} 69. gxh3 ({White should play} 69. g3 $1 $16) 69... gxh3 70. Rh6 Ra4 71. Rxh3 Ke6 72. Rh5 Kf6 73. Kf3 Kg6 74. Rb5 Kf6 75. Nf4 Ra1 76. Nd5+ Ke6 77. Ke4 Re1+ 78. Ne3 Kd6 79. Rd5+ Ke6 80. Ra5 Kd6 81. Kd4 Rd1+ $2 {[%mdl 8192]} (81... Ke6 $11) 82. Nxd1 {Weighted Error Value: White=0.09/Black=0.08} 1-0

[Event "EWCCC Online Preliminary-C 2020"]
[Site "Online"]
[Date "2020.12.19"]
[Round "7.2"]
[White "Schoene, Maria"]
[Black "Nicoara, Malina"]
[Result "1-0"]
[WhiteElo "2204"]
[BlackElo "2066"]
[Annotator "TA"]
[PlyCount "85"]
[EventDate "2020.12.19"]
[EventType "team-tourn"]
[EventCountry "NET"]
[SourceTitle "playchess.com"]
[Source "ChessBase"]
[SourceQuality "1"]

{[%evp 18,84,66,54,92,75,143,112,139,134,207,223,225,200,205,145,186,103,132,64,82,-51,-50,-58,-43,-248,-257,-215,-17,-18,0,0,0,0,0,0,73,16,13,0,60,26,83,57,107,129,215,214,250,-6,183,140,433,455,399,340,1570,726,1365,942,29989,29989,29990,29991,29993,29990,29998,29991,29999]} 1. e4 c5 2. Nf3 Nc6 3. d4 cxd4 4. Nxd4 g6 5. Nc3 Bg7 6. Be3 Nf6 7. Bc4 O-O 8. Bb3 d6 9. f3 a5 10. Qd2 Ne5 {B77: Sicilian Dragon: Yugoslav Attack, 9 Bc4 sidelines.} 11. O-O-O {[#]} h5 $146 (11... Nfd7 $142) ({Predecessor:} 11... a4 12. Nxa4 Nc4 13. Bxc4 Rxa4 14. Bb3 Ra8 15. Bh6 Nd7 16. Bxg7 Kxg7 17. h4 h5 18. Kb1 {0-1 (61) Dotlic,Z (1996)-Miskovic,S (1934) Zagreb 2010}) 12. Kb1 $16 Bd7 {White is better.} 13. a4 $1 Bc6 (13... Rc8 $16 {keeps fighting.} 14. Qe2 Kh8) 14. Bh6 $18 Qb6 15. Bxg7 Kxg7 16. h4 Qb4 17. g4 ({Better is} 17. Qg5 $18 e6 18. Bxe6 $1 {[%mdl 512]} fxe6 19. Nxe6+ {[%mdl 64] Double Attack} Kh7 20. Rd4 (20. Nxf8+ Rxf8 21. Na2 Qc5 $11)) 17... Rh8 $16 18. Qg5 (18. g5 $16 Nfd7 19. f4) 18... Kf8 {[%cal Rh5g4]} 19. Nd5 (19. Nxc6 bxc6 20. gxh5 Rxh5 $15) (19. gxh5 $16 Rxh5 20. Qg3) 19... Bxd5 $15 20. exd5 b5 {[%mdl 64] Deflection} 21. Nxb5 $2 (21. c3 $15 Qc5 22. Qf4 (22. Nxb5 $2 Nxf3 23. Qf4 hxg4 $19) (22. axb5 a4 $17) 22... hxg4 23. fxg4 bxa4 24. g5) 21... Nxf3 $19 22. Qe3 {aiming for g5.} Qxg4 $2 (22... hxg4 $19 23. Nd4 Qc5) 23. Rdf1 $11 Ne5 24. Nxd6 $1 exd6 25. Rxf6 Qb4 26. Rhf1 Rh7 (26... Kg7 $11) 27. R1f4 (27. Re6 $16) 27... Qb8 28. Qc3 Ke7 (28... Ra7 $11) 29. Rf1 Qc8 (29... Qd8 $11) 30. Qd2 {Black must now prevent Qg5!} Qc5 {[#]} 31. Qg5 $1 {Intending Rxf7+ and mate.} Kf8 {[#]} (31... Kd7 $16) 32. Re6 $1 $18 Re8 33. Ref6 $2 $40 {[%mdl 128] White attacks.} (33. Qf6 $18) 33... Qd4 $2 (33... Kg8 $11) 34. Rxd6 Nc4 $2 {[%mdl 8192]} (34... Nf3 $16 35. Rxf3 (35. Qf6 Qxf6 36. Rxf6 Nd2+ {[%mdl 64] Double Attack} 37. Ka2 Nxf1 $17) 35... Qd1+ {[%mdl 64] Double Attack} 36. Ka2 Qxf3) 35. Bxc4 Qxc4 36. Qg1 {Rxg6 is the strong threat.} Re2 $2 (36... Qg4 37. Qf2 Qe2 38. Qxe2 Rxe2 39. Rxg6 Rh2) 37. Rc6 ({Don't go for} 37. Qxg6 $2 Re1+ 38. Rxe1 fxg6 $19) (37. Rd8+ $142 Re8 38. Rxe8+ Kxe8 39. d6) 37... Qb4 38. Rxg6 {White wants to mate with Rg8+.} Ke7 39. Qg5+ {White mates.} Kd7 40. Qf5+ Kd8 41. Rg8+ {[%mdl 64] Discovered Attack} Ke7 42. Qg5+ Kd7 43. Qd8# {Weighted Error Value: White=0.50/Black=0.73} 1-0

[Event "EWCCC Online Preliminary-C 2020"]
[Site "Online"]
[Date "2020.12.19"]
[Round "7.2"]
[White "Moingt, Anne"]
[Black "Melamed, Tatjana"]
[Result "0-1"]
[WhiteElo "2076"]
[BlackElo "2336"]
[Annotator "TA"]
[PlyCount "216"]
[EventDate "2020.12.19"]
[EventType "team-tourn"]
[EventCountry "NET"]
[SourceTitle "playchess.com"]
[Source "ChessBase"]
[SourceQuality "1"]

{[%evp 22,216,0,-13,-8,-14,7,-41,5,15,8,-5,0,0,56,62,70,0,16,37,20,37,68,72,100,108,97,99,400,437,337,135,142,136,175,164,241,223,413,424,1099,1098,828,392,665,314,257,256,267,186,181,163,162,150,138,31,33,35,42,8,35,29,30,35,35,38,36,37,5022,145,1122,0,224,221,232,229,225,218,205,634,1485,1376,881,26,26,26,86,78,5126,781,632,0,0,0,8,8,8,5,8,7,7,0,0,0,6,-8,-8,-8,-8,-13,-8,-8,-8,-8,-8,-8,-8,-8,-8,-8,-8,-35,-8,-8,-8,-8,-8,-8,-8,-8,-7,-8,-8,-8,-8,-8,-8,-8,-8,-8,-8,-8,-8,-8,-8,-8,-8,-8,-8,-8,-8,-8,-8,-8,-8,-8,0,0,0,0,0,0,0,0,0,0,0,0,0,0,0,0,0,0,0,0,0,-8,-8,-8,0,0,0,-8,0,-8,0,-8,-8,-8,-8,-12,-20,-29990,-29991,-29991,-29992]} 1. e4 c5 2. Nf3 e6 3. d4 cxd4 4. Nxd4 Nc6 5. Nc3 Qc7 6. Be3 a6 7. Bd3 Nf6 8. O-O Ne5 9. h3 Bc5 10. Kh1 d6 11. f4 Ng6 12. Qe2 O-O {B48: Sicilian: Taimanov: 5 Nc3 Qc7 6 Be3 a6 without Be2.} 13. Rae1 Bd7 14. Bg1 {[#]} Bc6 $146 {Black is slightly better.} ({Predecessor:} 14... Qb6 15. e5 Ne8 16. Rd1 Qxb2 17. Rf3 Nh4 18. Rg3 g6 19. Be4 Ng7 20. Rb1 Qa3 {1-0 (32) Opl,K (2207)-Lewis,A (2294) Mali Losinj 2019}) 15. f5 exf5 16. Nxf5 Bxg1 17. Kxg1 Rfe8 (17... Bd7 $11) 18. Qf2 $36 {[%mdl 2048] White is more active.} Qd8 19. Qg3 ({Better is} 19. Rd1 $14) 19... Qb6+ 20. Kh1 Qxb2 21. Bc4 Qb4 (21... Qxc2 $2 22. Rf2 $18) 22. Bb3 Rf8 {[#]} 23. Nh6+ $1 {[%mdl 512]} gxh6 24. Rxf6 Kg7 $2 {[%mdl 8192] [#]} (24... Kh8 $16 {is more resistant.}) 25. Ref1 $1 $18 {[%cal Rf6f7]} Qd4 26. Rxf7+ (26. Rxd6 $18 {and the rest is easy.} Qc5 27. Rf5) 26... Rxf7 $16 27. Rxf7+ Kh8 28. Nd5 Qa1+ (28... Rf8 $142 29. Rxf8+ Nxf8) 29. Kh2 $18 Qe5 $2 (29... Bxd5 30. Bxd5 Qe5 31. Qxe5+ (31. Bxb7 Ra7 $18) 31... Nxe5) 30. Nf6 {[%csl Gf6][%cal Rf7h7]} Qxg3+ (30... Nf8 $142 31. Qxe5 dxe5) 31. Kxg3 {[%csl Gf6][%cal Rf7h7]} Nf8 32. Kf4 (32. Kh4 $142) 32... a5 $2 (32... Bb5 33. Rxb7 Rc8) 33. a4 (33. Kg4 $142 a4 34. Bd5) 33... b5 34. axb5 Bxb5 35. Rb7 Bf1 36. Kg3 a4 37. Ba2 Rc8 38. c4 (38. Bd5 $16) 38... Bxc4 $14 39. Bxc4 Rxc4 {[%mdl 4096] Endgame KRN-KRN} 40. Rb8 Kg7 41. Ne8+ {[%mdl 64] Double Attack} Kg6 42. Nxd6 Rc3+ 43. Kf4 Ne6+ 44. Ke5 Nc5 $2 {[%mdl 8192]} (44... Ng7 $14) 45. Ra8 $2 (45. Rg8+ $18 {is the precise move to win.} Kh5 46. Nf5 Nd7+ 47. Kf4 Rf3+ 48. gxf3 Nc5 49. Rg4 Ne6+ 50. Ke5 Ng5 51. Kf6 Nxe4+ 52. fxe4 a3 53. Rh4#) 45... a3 $2 {[%mdl 8192] [#]} (45... Nd3+ $16 46. Kd4 Rc1 47. Kxd3 (47. Rxa4 Rd1 $16) 47... Rd1+ 48. Ke3 Rxd6 49. Rxa4 h5) 46. Nf5 $2 (46. Rg8+ $1 $18 Kh5 47. Nf5 Nd7+ 48. Kf4 Rf3+ 49. gxf3 Nf6 50. Rg2 a2 51. h4) 46... Kf7 $2 (46... Rc4 $11) 47. Kd4 ({Don't take} 47. Nxh6+ $6 Kg6 $16) 47... Rc2 {Threatening ...a2.} 48. Rxa3 Ne6+ 49. Ke5 Rc5+ $2 (49... h5 50. Ne3 Rc6) 50. Kd6 $18 Rc2 51. Ra7+ Kf6 52. Nxh6 $2 ({White has to play} 52. Ne3 $18 Rc8 53. Nd5+ Kg5 54. Kxe6) 52... Rd2+ $11 53. Kc6 {Threatens to win with Ng4+.} Kg6 (53... Rc2+ $11 54. Kd5 Rd2+ 55. Kc6 Rc2+ 56. Kd5 Rd2+ 57. Kc6) 54. Nf5 $16 {aiming for Nh4+.} Rxg2 $2 {[%mdl 8192]} (54... Ng5 $16) 55. Kd6 (55. Nh4+ $142 Kf6 56. Nxg2) 55... Kf6 56. Rxh7 $2 (56. Ne3 $18 Rg7 57. e5+ Kg6 58. Rxg7+ Nxg7 59. e6) 56... Rd2+ $11 57. Kc6 Ng5 58. Rh6+ Ke5 59. h4 Nxe4 60. Ne7 Rc2+ 61. Kd7 Nf6+ 62. Kd8 Rd2+ 63. Kc7 Rd7+ 64. Kc6 Rxe7 {KRN-KR} 65. h5 Re6+ 66. Kb5 Kf5 67. Rh8 Ng4 68. Kc5 Kg5 69. Kd5 Rf6 70. Kd4 Nh6 71. Ke4 Kxh5 72. Ke3 Kg5 73. Ke4 Kg4 74. Ke3 Nf7 75. Rg8+ Ng5 76. Kd4 Rf5 77. Kd3 Kf4 78. Kd4 Nf3+ 79. Kd3 Rd5+ 80. Kc4 Rd1 81. Kc5 Ke4 82. Re8+ Ne5 83. Kb4 Rc1 84. Kb3 Rc7 85. Kb4 Kd5 86. Kb3 Nc4 87. Kb4 Nd6 88. Rd8 Rb7+ 89. Kc3 $1 Kc5 90. Kd3 Re7 91. Rh8 Re5 92. Rh7 Nb5 93. Rh8 Nd4 94. Rc8+ Nc6 95. Rh8 Rg5 96. Ke4 Re5+ 97. Kd3 Nb4+ 98. Kd2 Nd5 99. Kd3 Re3+ 100. Kd2 Rg3 101. Ke2 Kd4 102. Kf2 Ra3 103. Rh4+ Ke5 104. Rh5+ Ke4 105. Rh4+ Nf4 106. Rh8 Ra2+ 107. Kg3 $2 {[%mdl 8192]} (107. Ke1 $11) 107... Rg2+ 108. Kh4 Rh2+ {Both players deserved the win here. Accuracy: White = 71%, Black = 68%.} 0-1

[Event "EWCCC Online Preliminary-C 2020"]
[Site "Online"]
[Date "2020.12.19"]
[Round "7.3"]
[White "Gara, Ticia"]
[Black "Kurapova, Olga"]
[Result "1-0"]
[WhiteElo "2383"]
[BlackElo "1927"]
[Annotator "TA"]
[PlyCount "99"]
[EventDate "2020.12.19"]
[EventType "team-tourn"]
[EventCountry "NET"]
[SourceTitle "playchess.com"]
[Source "ChessBase"]
[SourceQuality "1"]

{[%evp 9,99,15,63,16,18,27,50,55,33,35,179,26,35,39,38,15,39,17,58,60,62,26,28,35,30,18,14,21,51,58,62,57,64,68,69,48,72,66,97,68,61,71,70,79,104,44,150,150,158,118,118,122,143,116,143,101,100,100,100,80,102,97,198,198,218,217,200,202,527,522,1029,1047,988,985,1310,1274,1200,1002,1002,958,1332,1274,1181,1114,1598,1514,1442,1220,1970,1949,29985,29986]} 1. Nf3 d5 2. g3 Bg4 3. Bg2 c6 4. O-O Nf6 5. c4 dxc4 6. Qc2 {A11: English Opening: 1...c6.} Nbd7 7. Na3 {[#]} Nb6 $146 ({Predecessor:} 7... Bxf3 8. Bxf3 e5 9. Nxc4 Qc7 10. b3 Bc5 11. Bb2 O-O 12. Rac1 Rfe8 13. Bg2 Bf8 {0-1 (70) Stokke,K (2385)-Lyrberg,P (2438) Split 2013}) 8. Nxc4 {White is slightly better.} Nxc4 9. Qxc4 g6 (9... Bh5 $14) 10. b3 $2 (10. Ng5 $18) 10... Bg7 $11 11. Bb2 {Bxf6 is the strong threat.} Be6 12. Qh4 h6 13. d3 Nh5 14. Bxg7 Nxg7 15. d4 Nf5 16. Qf4 Qd6 17. Qd2 Bd5 18. Rfd1 Bxf3 19. Bxf3 e6 20. e4 $36 {[%mdl 2048] White fights for an advantage.} Ne7 21. Rac1 h5 22. h4 O-O 23. Rc5 b6 24. Rc3 Rac8 25. Kg2 Rfd8 26. Qg5 Kg7 27. Be2 (27. e5 $16 Qd7 28. Bxh5) 27... Ng8 (27... f6 $14 28. Qe3 Rf8) 28. Bxh5 $1 $16 Qe7 {And now ...Qxg5 would win.} 29. Qxe7 Nxe7 30. Be2 Rd6 31. Rcd3 Rcd8 32. Kf3 f5 33. e5 R6d7 34. Kg2 Nd5 35. a3 Nc7 (35... a5 $16) 36. Rc3 $18 c5 37. dxc5 Rxd1 38. Bxd1 Rxd1 $2 (38... Nb5 39. Rc1 Nxa3) 39. cxb6 {[%mdl 4160] [#] Endgame Discovered Attack. KRN-KR} Nb5 40. b7 {Threatening mate with Rc8.} Nxc3 41. b8=Q {KQ-KRN} Ne4 42. Qxa7+ Kf8 43. Qb8+ Kf7 44. Qc7+ Ke8 45. Qg7 Rd2 46. Qxg6+ {[%mdl 64] [#] Double Attack} Ke7 47. Qg7+ Ke8 48. Qa7 Rd5 49. h5 Rxe5 50. Qb8+ {Accuracy: White = 71%, Black = 51%.} 1-0

[Event "EWCCC Online Preliminary-C 2020"]
[Site "Online"]
[Date "2020.12.19"]
[Round "7.3"]
[White "Papp, Petra"]
[Black "De Seroux, Camille"]
[Result "1-0"]
[WhiteElo "2336"]
[BlackElo "2137"]
[Annotator "TA"]
[PlyCount "77"]
[EventDate "2020.12.19"]
[EventType "team-tourn"]
[EventCountry "NET"]
[SourceTitle "playchess.com"]
[Source "ChessBase"]
[SourceQuality "1"]

{[%evp 9,77,22,43,-20,-27,-10,-18,-16,-17,-36,25,22,35,32,89,80,90,112,166,67,135,119,148,128,164,158,171,182,322,323,610,631,624,606,646,639,721,729,687,633,660,655,833,831,776,729,731,729,720,716,793,786,819,787,1427,1454,1457,1124,12830,12800,12837,12837,12837,12837,12839,12839,29996,29997,29997,29998]} 1. e4 c5 2. Nf3 d6 3. d4 cxd4 4. Nxd4 Nf6 5. Nc3 Nc6 6. Nd5 {B56: Classical Sicilian: Unusual Lines.} (6. Bb5 $14 Bd7 7. O-O) 6... Nxd5 $1 $11 7. exd5 Qa5+ {[%mdl 64] [#] Double Attack} 8. Bd2 $1 {[%cal Rd2a5] The position is equal.} Qxd5 9. Nb5 $1 {[%cal Rb5c7] [#] And now Nc7+ would win.} Qe5+ $146 (9... Qe6+ $1 $15 10. Be3 Qd7) ({Predecessor:} 9... Qe6+ 10. Be2 Qd7 11. c4 a6 12. Nc3 e6 13. Bf4 Be7 14. Qd2 O-O 15. Rd1 Rd8 {1-0 (41) Ibarra Jerez,J (2561)-Pichot,A (2630) chess.com INT 2020}) 10. Be2 {Threatens to win with Nc7+.} d5 11. Bc3 d4 (11... Qb8 $1 $14) 12. Nxd4 $16 Nxd4 13. Bxd4 Qg5 (13... Qa5+ $16 14. Bc3 Qc5) 14. Be3 (14. O-O $18) 14... Qe5 (14... Qa5+ $14 15. c3 Bd7) 15. O-O a6 16. c3 Bd7 17. Bf3 $40 {[%mdl 128] White is out for blood.} e6 18. Bxb7 Bd6 (18... Rb8 $142) 19. g3 $18 O-O $2 (19... Rb8 20. Bg2 (20. Bxa6 Bc6 $18) 20... Bc7) 20. Bxa8 Rxa8 21. Bf4 Qe4 22. Qxd6 Bc6 {[%csl Gc6][%cal Re4h1]} 23. f3 Qc4 24. Qd4 Qb5 25. Rad1 h6 26. c4 Qb7 27. Qf2 a5 28. Be5 f6 29. Bc3 e5 30. Rd6 a4 31. c5 e4 32. fxe4 {Threatening mate with Rxf6!} Bxe4 33. Rfd1 Bc6 34. Rd8+ Rxd8 35. Rxd8+ Kf7 36. Rd6 Bb5 {[#]} 37. Bxf6 $1 gxf6 38. Qxf6+ {[%mdl 64] Double Attack} Kg8 39. Rd8+ {Weighted Error Value: White=0.15/Black=0.63} 1-0

[Event "EWCCC Online Preliminary-C 2020"]
[Site "Online"]
[Date "2020.12.19"]
[Round "7.3"]
[White "Hakimifard, Ghazal"]
[Black "Gara, Anita"]
[Result "1-0"]
[WhiteElo "2265"]
[BlackElo "2350"]
[Annotator "TA"]
[PlyCount "79"]
[EventDate "2020.12.19"]
[EventType "team-tourn"]
[EventCountry "NET"]
[SourceTitle "playchess.com"]
[Source "ChessBase"]
[SourceQuality "1"]

{[%evp 23,79,-5,35,24,27,8,0,0,39,35,58,28,49,29,52,16,79,32,204,65,170,16,61,59,62,50,61,87,128,124,171,175,167,82,186,116,166,172,148,96,195,194,428,448,452,466,511,454,572,539,873,886,860,831,2071,2055,29986,29987]} 1. e4 c5 2. Nf3 g6 3. d4 cxd4 4. Nxd4 Nc6 5. Nb3 Nf6 6. Nc3 Bg7 7. Be2 d6 8. O-O O-O 9. Re1 a6 10. Bg5 h6 11. Bh4 b5 12. Bf1 Bb7 13. a4 {B70: Sicilian Dragon: 6 g3 and 6 Be2 (without a later Be3).} b4 14. Nd5 g5 15. Bg3 {The position is equal.} Nd7 16. Rb1 Nde5 17. Qh5 e6 18. Ne3 Qf6 19. h4 {[#]} Rad8 $146 (19... Rfd8 $11 {remains equal.}) ({Predecessor:} 19... Rfd8 20. Rbd1 Rac8 21. Rd2 Bf8 22. Red1 Be7 23. Nd4 gxh4 24. Bh2 Qg5 25. Be2 Na5 26. Qxg5+ hxg5 {0-1 (83) Diaz Camallonga,C (2467)-Sosa,T (2514) Barcelona 2020}) 20. c3 Ne7 $2 (20... Qg6 $14 21. Qxg6 Nxg6) 21. hxg5 (21. Bxe5 $1 $18 dxe5 22. hxg5 hxg5 23. Nc5) 21... hxg5 {[#]} ({Better is} 21... Qxg5 $14 22. Qxg5 hxg5) 22. Ng4 $2 (22. Bxe5 $1 $18 dxe5 23. Nc5) 22... Nxg4 23. Qxg4 bxc3 24. bxc3 {Bxd6! is the strong threat.} Ng6 25. Nd4 $36 {[%mdl 2048] White is in control.} Ba8 26. Nf3 Bh6 27. Bxa6 Qg7 28. Rb5 ({Much less strong is} 28. Nxg5 $6 Ne5 $14) (28. Rb6 $18 {and White stays clearly on top.}) 28... d5 (28... Qxc3 $16 {was necessary.} 29. Qh5 Kg7) 29. Qh5 ({But not} 29. Nxg5 Qxc3 30. Reb1 Qf6 $16) (29. e5 $18) 29... Nf4 30. Bxf4 $1 gxf4 31. e5 (31. Bb7 $142) 31... Bc6 {[#]} (31... d4 $16) 32. Rb4 $1 $18 f6 $2 (32... Ra8) 33. Nd4 Be8 34. Qh3 Bd7 35. Nxe6 Bxe6 36. Qxe6+ Kh8 37. Rb7 Qg6 38. Qh3 Rg8 39. Bd3 f5 40. Bxf5 {Accuracy: White = 55%, Black = 24%.} 1-0